• 首页
  • 本馆介绍
  • 公告通知
  • 最新文献
  • 馆藏检索
  • 电子资源
  • 读者导购
  • 参考咨询
  • 我的图书馆
  • 登录
  • 详细信息显示
  • 放入我的书架
  • 预约/预借图书
  • 作者相关作品
  • 分类相关作品
  • 丛书相关作品
  • 出版社相关作品

书目信息

  • 表格格式
  • 工作单格式
  • 卡片格式
题名:
安全生产领域渎职犯罪侦破与认定
    
 
作者: 陈波 著
分册:  
出版信息: 北京   中国检察出版社  2016
页数: 279页
开本: 23cm
丛书名: 渎职犯罪侦查实战系列丛书
单 册:
中图分类: D918 , D924.393.4
科图分类:
主题词: 安全生产--An Quan Sheng Chan--渎职罪--刑事侦查--中国 , 安全生产--An Quan Sheng Chan--渎职罪--定罪--中国
电子资源:
ISBN: 978-7-5102-1641-1
000 01312nam0 22002891 450
001 351407
005 20161011151159.00
010    @a978-7-5102-1641-1@dCNY46.00
100    @a20160707d2016 em y0chiy50 ea
101 0  @achi
102    @aCN@b110000
105    @ay z 000yy
106    @ar
200 1  @a安全生产领域渎职犯罪侦破与认定@AAn Quan Sheng Chan Ling Yu Du Zhi Fan Zui Zhen Po Yu Ren Ding@f陈波著
210    @a北京@c中国检察出版社@d2016
215    @a279页@d23cm
225 2  @a渎职犯罪侦查实战系列丛书@ADu Zhi Fan Zui Zhen Cha Shi Zhan Xi Lie Cong Shu
314    @a陈波 (1965-),男,湖南益阳人,毕业于武汉大学、中国社会科学院研究生院,获法学硕士学位。现任最高人民检察院检察理论研究所副所长、研究员。著有《国际反贪污贿赂的理论与实践》、《刑事错案探究与判解》等。
330    @a本书系统梳理了安全生产领域反渎职工作的方式方法、重点难点,对于反渎职工作人员具有指导意义。内容包括:安全生产领域渎职犯罪概述、查办安全生产领域渎职犯罪疑难复杂节点的把握和破解等。
461  0 @12001 @a渎职犯罪侦查实战系列丛书
606 0  @a安全生产@AAn Quan Sheng Chan@x渎职罪@x刑事侦查@y中国
606 0  @a安全生产@AAn Quan Sheng Chan@x渎职罪@x定罪@y中国
690    @aD918@v5
690    @aD924.393.4@v5
701  0 @a陈波@AChen Bo@f(1965-)@4著
801  0 @aCN@bTANGWEI@c20160820
905    @b0894735-9@dD918@e643@f5
    
    安全生产领域渎职犯罪侦破与认定/陈波著.-北京:中国检察出版社,2016
    279页;23cm.-(渎职犯罪侦查实战系列丛书)
    
    
    ISBN 978-7-5102-1641-1:CNY46.00
    本书系统梳理了安全生产领域反渎职工作的方式方法、重点难点,对于反渎职工作人员具有指导意义。内容包括:安全生产领域渎职犯罪概述、查办安全生产领域渎职犯罪疑难复杂节点的把握和破解等。
●
相关链接 在E读中查询图书 在五车中查询图书 在当当中查询图书 在豆瓣中查询图书


正题名:安全生产领域渎职犯罪侦破与认定     索取号:D918/643         预约/预借

序号 登录号 条形码 馆藏地/架位号 状态 备注
1 0894735   208947354   第一样本阅览室/ [索取号:D918/643] 在馆    
2 0894736   208947363   史法系资料室/ [索取号:D918/643] 在馆    
3 0894737   208947372   第一借阅区/ [索取号:D918/643] 在馆    
4 0894738   208947381   第一借阅区/ [索取号:D918/643] 在馆    
5 0894739   208947390   第一借阅区/ [索取号:D918/643] 在馆    
唐山师范学院图书馆 欢迎您!
大连网信软件有限公司© 版权所有